000 00739cam a2200229 a 4500
001 000003997
005 20200929150646.0
008 820709s1983 mx 000 f spa
020 _a9684193637
040 _aDO-SdBNP
_cDLC
_dDLC
041 1 7 _aspa
_heng
_2Código de idioma MARC
082 _a813.54
_bW187t
100 1 _aWallace, Irving,
_d1916-1990.
_911972
245 1 3 _aEl todo poderoso /
_cIrving Wallace ; traducción, Esteban Riambau.
260 _aMéxico :
_bGribalbo,
_c1983.
300 _a442 p. ;
_c20 cm.
534 _aTítulo original: The almighty.
650 4 _aNovela estadounidense
_9262
650 4 _aLiteratura estadounidense
_9263
700 1 _aRiambau, Estaban,
_etr.
_911975
910 _aCatalogación por copia / LC
999 _c3816
_d3816